Dynamic Interactions between Stock Returns and Exchange Rate Returns in the Czech Republic
Salvato in:
| Autore principale: | |
|---|---|
| Natura: | Capitolo di libro |
| Lingua: | inglese |
| Soggetti: | |
| Tags: |
Nessun Tag, puoi essere il primo ad aggiungerne!!
|
MARC
| LEADER | 00000nla a2200000 4500 | ||
|---|---|---|---|
| 001 | 0204227 | ||
| 005 | 20240502083512.6 | ||
| 041 | 0 | |a eng | |
| 044 | |a CZ | ||
| 245 | 1 | 0 | |a Dynamic Interactions between Stock Returns and Exchange Rate Returns in the Czech Republic |c Michaela Chocholatá |
| 610 | 2 | 0 | |a metódy kvantitatívne |
| 610 | 2 | 0 | |a modelovanie matematické |
| 610 | 2 | 0 | |a metódy ekonomicko-matematické |
| 610 | 2 | 0 | |a výskum operačný |
| 610 | 2 | 0 | |a kurz výmenný |
| 100 | 1 | |a Chocholatá, Michaela, 1977- | |